| 000 | 00518nam a22001817a 4500 | ||
|---|---|---|---|
| 999 |
_c8331 _d8331 |
||
| 003 | AR-CdUCM | ||
| 008 | 190322b ||||| |||| 00| 0 spa d | ||
| 040 |
_aMUNICIPALIDAD PROVINCIAL DEL CUSCO _cBIBLIOTECA MUNICIPAL DEL CUSCO |
||
| 082 |
_a100 / _bT27 |
||
| 100 |
_aTello Palomino, Moisés _917121 |
||
| 245 | _aAntifilosofía / | ||
| 260 |
_aCusco : _bYáñez, _c1994. |
||
| 300 |
_a282 paginas _c20 cm. |
||
| 505 | _aContenido : Filosofía / | ||
| 650 |
_aFilosofía _9395 |
||
| 942 |
_2ddc _cLIBROS |
||
| 945 | _arjall | ||